MARC

LEADER 00000nam0a2200000 4500
001 370595
005 20231102012309.0
035 |a (RuTPU)RU\TPU\retro\28004 
090 |a 370595 
100 |a 20220715d1978 m y0rusy50 ca 
101 0 |a rus 
102 |a RU 
105 |a a j 001zy 
200 1 |a Основы инженерной геологии  |e учебник для техникумов  |f М. К. Дружинин 
205 |a 2-е изд., перераб. и доп. 
210 |a Москва  |c Недра  |d 1978 
215 |a 248 с.  |c ил. 
320 |a Библиогр.: с. 243 
606 1 |a Инженерная геология  |2 stltpush  |3 (RuTPU)RU\TPU\subj\12572  |9 39335 
610 1 |a Земля 
610 1 |a основные сведения 
610 1 |a породообразующие минералы 
610 1 |a горные породы 
610 1 |a внутренняя динамика 
610 1 |a внешняя динамика 
610 1 |a грунты 
610 1 |a состав 
610 1 |a сложение 
610 1 |a свойства 
610 1 |a характеристики 
610 1 |a методы определения 
610 1 |a почвы 
610 1 |a инженерно-геологические процессы 
610 1 |a инженерно-геологические явления 
610 1 |a полевые инженерно-геологические изыскания 
610 1 |a инженерно-геологические материалы 
610 1 |a учебники 
675 |a 624.131.1(075.3)  |v 4 
700 1 |a Дружинин  |b М. К.  |g Мануил Константинович 
801 1 |a RU  |b 63413507  |c 20220715 
942 |c BK